| 000 | 00582nam a22001937a 4500 | ||
|---|---|---|---|
| 999 |
_c6433 _d6433 |
||
| 003 | AR-CdUCM | ||
| 008 | 190315b ||||| |||| 00| 0 spa d | ||
| 040 |
_aMUNICIPALIDAD PROVINCIAL DEL CUSCO _cBIBLIOTECA MUNICIPAL DEL CUSCO |
||
| 082 |
_a985.009 / _bG49B |
||
| 100 |
_aBermejo, Vladimiro _91790 |
||
| 245 | _aSantiago Giraldo 1850-1950 / | ||
| 260 |
_a[Arequipa] : _bUniversitaria, _c[1950]. |
||
| 300 |
_a28 páginas ; _c21.5 cm. |
||
| 500 | _aDonación familia Nieto | ||
| 650 |
_aPolíticos-Perú _911754 |
||
| 650 |
_aBiografía _922 |
||
| 942 |
_2ddc _cLIBROS |
||
| 945 | _aafb | ||